The Napoleon of crime : (Record no. 1434)

000 -LEADER
fixed length control field 01353nam a22003617a 4500
001 - CONTROL NUMBER
control field 4014362
003 - CONTROL NUMBER IDENTIFIER
control field OSt
005 - DATE AND TIME OF LATEST TRANSACTION
control field 20210426065535.0
008 - FIXED-LENGTH DATA ELEMENTS--GENERAL INFORMATION
fixed length control field 970106r1997 nyuaf b 001 0beng
010 ## - LIBRARY OF CONGRESS CONTROL NUMBER
LC control number 97000520
020 ## - INTERNATIONAL STANDARD BOOK NUMBER
International Standard Book Number 0374218994 (cloth : alk. paper)
040 ## - CATALOGING SOURCE
Original cataloging agency DLC
Transcribing agency DLC
Modifying agency DLC
043 ## - GEOGRAPHIC AREA CODE
Geographic area code n-us---
-- e-uk-en
050 00 - LIBRARY OF CONGRESS CALL NUMBER
Classification number HV6653.W67
Item number M33 1997
080 ## - UNIVERSAL DECIMAL CLASSIFICATION NUMBER
Universal Decimal Classification number 92
Item number M-12
082 00 - DEWEY DECIMAL CLASSIFICATION NUMBER
Classification number 364.16/2/092
-- B
Edition number 21
100 1# - MAIN ENTRY--PERSONAL NAME
Personal name Macintyre, Ben,
Dates associated with a name 1963-
245 14 - TITLE STATEMENT
Title The Napoleon of crime :
Remainder of title the life and times of Adam Worth, master thief /
Statement of responsibility, etc. Ben Macintyre.
246 14 - VARYING FORM OF TITLE
Title proper/short title Life and times of Adam Worth, master thief
250 ## - EDITION STATEMENT
Edition statement 1st American ed., 1st Farrar, Straus and Giroux ed.
260 ## - PUBLICATION, DISTRIBUTION, ETC.
Place of publication, distribution, etc. New York :
Name of publisher, distributor, etc. Farrar, Straus, Giroux,
Date of publication, distribution, etc. 1997.
300 ## - PHYSICAL DESCRIPTION
Extent xi, 336 p., [16] p. of plates :
Other physical details ill. ;
Dimensions 24 cm.
365 ## - TRADE PRICE
Price type code 24.00 USD
504 ## - BIBLIOGRAPHY, ETC. NOTE
Bibliography, etc. note Includes bibliographical references (p. [299]-328) and index.
600 10 - SUBJECT ADDED ENTRY--PERSONAL NAME
Personal name Worth, Adam,
Dates associated with a name 1844-1902.
650 #0 - SUBJECT ADDED ENTRY--TOPICAL TERM
Topical term or geographic name entry element Thieves
Geographic subdivision United States
General subdivision Biography.
650 #0 - SUBJECT ADDED ENTRY--TOPICAL TERM
Topical term or geographic name entry element Thieves
Geographic subdivision England
General subdivision Biography.
650 #0 - SUBJECT ADDED ENTRY--TOPICAL TERM
Topical term or geographic name entry element Bank robberies
Geographic subdivision Great Britain
General subdivision History
Chronological subdivision 19th century.
653 ## - INDEX TERM--UNCONTROLLED
Uncontrolled term ბიოგრაფია
906 ## - LOCAL DATA ELEMENT F, LDF (RLIN)
a 7
b cbc
c orignew
d 1
e ocip
f 19
g y-gencatlg
942 ## - ADDED ENTRY ELEMENTS (KOHA)
Source of classification or shelving scheme
Koha item type Books
Holdings
Withdrawn status Lost status Source of classification or shelving scheme Damaged status Not for loan Permanent location Current location Date acquired Inventory number Total Checkouts Full call number Barcode Date last seen Price effective from Koha item type
          Ken Walker International University Ken Walker International University 02/16/2021 1256   92 M-12 1256 02/16/2021 02/16/2021 Books

Powered by Koha